Statistics for College Football Matchups: Iowa State

Click here to take the quiz!

General Stats

  • This quiz has been taken 57 times
  • The average score is 14 of 16

Answer Stats

# of GamesOpponentLast Meeting% Correct
68Iowa09/11/2021
100%
101Kansas10/02/2021
98%
87Oklahoma11/20/2021
98%
19Texas11/06/2021
98%
105Kansas State10/16/2021
95%
56Oklahoma State10/23/2021
95%
20Baylor09/25/2021
93%
105Nebraska11/06/2010
90%
20Texas Tech11/13/2021
88%
104Missouri10/15/2011
86%
13TCU11/26/2021
86%
33Northern Iowa09/04/2021
81%
65Colorado11/13/2010
79%
26Minnesota12/31/2009
71%
11Texas A&M10/22/2011
69%
70Drake12/01/2018
60%

Score Distribution

Percentile by Number Answered

Percent of People with Each Score

Your Score History

You have not taken this quiz